<?xml version="1.0" encoding="UTF-8"?>
<record
    xmlns:xsi="http://www.w3.org/2001/XMLSchema-instance"
    xsi:schemaLocation="http://www.loc.gov/MARC21/slim http://www.loc.gov/standards/marcxml/schema/MARC21slim.xsd"
    xmlns="http://www.loc.gov/MARC21/slim">

  <leader>00549nam a22001457a 4500</leader>
  <controlfield tag="008">150408b        xxu||||| |||| 00| 0 eng d</controlfield>
  <datafield tag="020" ind1=" " ind2=" ">
    <subfield code="a">9789966083142</subfield>
  </datafield>
  <datafield tag="050" ind1=" " ind2=" ">
    <subfield code="a">HN 49 .C6M84 2008</subfield>
  </datafield>
  <datafield tag="100" ind1=" " ind2=" ">
    <subfield code="a">Mulwa, Francis .W</subfield>
    <subfield code="d">2008</subfield>
  </datafield>
  <datafield tag="245" ind1=" " ind2=" ">
    <subfield code="a">Partricipatory Monitoring and Evaluation of Community Projects</subfield>
    <subfield code="c">Francis W. Mulwa</subfield>
  </datafield>
  <datafield tag="260" ind1=" " ind2=" ">
    <subfield code="a">Kenya</subfield>
    <subfield code="b">Paulines</subfield>
    <subfield code="c">2008</subfield>
  </datafield>
  <datafield tag="300" ind1=" " ind2=" ">
    <subfield code="a">296p</subfield>
    <subfield code="b">Bibliography</subfield>
  </datafield>
  <datafield tag="440" ind1=" " ind2=" ">
    <subfield code="a">Partricipatory Monitoring and Evaluation of Community Projects</subfield>
  </datafield>
  <datafield tag="942" ind1=" " ind2=" ">
    <subfield code="2">lcc</subfield>
    <subfield code="c">BOOKS</subfield>
    <subfield code="h">HN 49 .C6M84 2008</subfield>
    <subfield code="k">HN</subfield>
    <subfield code="m"> 49 .C6M84 2008</subfield>
    <subfield code="0">8</subfield>
  </datafield>
  <datafield tag="999" ind1=" " ind2=" ">
    <subfield code="c">292</subfield>
    <subfield code="d">292</subfield>
  </datafield>
  <datafield tag="952" ind1=" " ind2=" ">
    <subfield code="0">0</subfield>
    <subfield code="1">0</subfield>
    <subfield code="2">lcc</subfield>
    <subfield code="4">0</subfield>
    <subfield code="7">0</subfield>
    <subfield code="a">MUC</subfield>
    <subfield code="b">MUC</subfield>
    <subfield code="d">2015-04-08</subfield>
    <subfield code="l">11</subfield>
    <subfield code="o">HN 49 .C6M84 2008</subfield>
    <subfield code="p">5065</subfield>
    <subfield code="r">2019-06-03</subfield>
    <subfield code="s">2018-11-05</subfield>
    <subfield code="w">2015-04-08</subfield>
    <subfield code="y">BOOKS</subfield>
  </datafield>
  <datafield tag="952" ind1=" " ind2=" ">
    <subfield code="0">0</subfield>
    <subfield code="1">0</subfield>
    <subfield code="2">lcc</subfield>
    <subfield code="4">0</subfield>
    <subfield code="7">0</subfield>
    <subfield code="a">MUC</subfield>
    <subfield code="b">MUC</subfield>
    <subfield code="d">2015-04-08</subfield>
    <subfield code="l">11</subfield>
    <subfield code="m">1</subfield>
    <subfield code="o"> 	HN 49 .C6M84 2008</subfield>
    <subfield code="p">104</subfield>
    <subfield code="r">2019-05-30</subfield>
    <subfield code="s">2018-11-27</subfield>
    <subfield code="w">2015-04-08</subfield>
    <subfield code="y">BOOKS</subfield>
  </datafield>
</record>
